Poesías / (Registro nro. 160119)

Detalles MARC
000 -LEADER
campo de control de longitud fija 00569nam a22001815i 4500
001 - NÚMERO DE CONTROL
campo de control 160119
003 - IDENTIFICADOR DE NÚMERO DE CONTROL
campo de control ES-MaACL
005 - FECHA Y HORA DE LA ÚLTIMA TRANSACCIÓN
campo de control 20230906211936.0
008 - DATOS DE LONGITUD FIJA--INFORMACIÓN GENERAL
campo de control de longitud fija 951121s1853 sp |||| | spa d
040 ## - FUENTE DE CATALOGACIÓN
Centro catalogador/agencia de origen EUS
Lengua de catalogación spa
Centro/agencia transcriptor EUS
080 ## - NÚMERO DE LA CLASIFICACIÓN DECIMAL UNIVERSAL
Número de la Clasificación Decimal Universal 821.134.2-14"18"
100 1# - ENTRADA PRINCIPAL--NOMBRE DE PERSONA
Nombre de persona Mora, José Joaquín de (
Fechas asociadas al nombre 1783-1864)
9 (RLIN) 82860
245 10 - MENCIÓN DEL TÍTULO
Título Poesías /
Mención de responsabilidad, etc. José Joaquín de Mora.
260 ## - PUBLICACIÓN, DISTRIBUCIÓN, ETC.
Lugar de publicación, distribución, etc. Madrid :
Nombre del editor, distribuidor, etc. Calle de Santa Teresa, num. 8 ;
Lugar de publicación, distribución, etc. Paris :
Nombre del editor, distribuidor, etc. Rue de Provence, num, 12,
Fecha de publicación, distribución, etc. 1853.
300 ## - DESCRIPCIÓN FÍSICA
Extensión 557 p. ;
Dimensiones 23 cm.
500 ## - NOTA GENERAL
Nota general Indice.
852 ## - LOCALIZACIÓN
Ubicación ES-MaACL
Número de control de estantería F-6511
Nota libre -- Enc. hol.
Existencias
Estatus retirado Estado de pérdida Estado de daño No para préstamo Colección Biblioteca de origen Biblioteca actual Ubicación en estantería Fecha de adquisición Fuente de adquisición Total de préstamos Signatura topográfica completa Código de barras Visto por última vez Precio de reemplazo Tipo de ítem Koha
        Libros del s. XIX Biblioteca del Ateneo de Madrid Biblioteca del Ateneo de Madrid Depósito 2 17/01/2008     F-6511 1167634 23/02/2023 23/02/2023 Libro impreso antiguo